| 000 | 00762nam a2200277 b 4500 | ||
|---|---|---|---|
| 001 | 0000619 | ||
| 003 | DO-SdBNP | ||
| 005 | 20180202153344.0 | ||
| 007 | 0000619 | ||
| 008 | 050617 1973 sp spa | ||
| 017 |
_a _b |
||
| 020 | _a8401310237 | ||
| 035 | _a | ||
| 040 |
_aBPMSU _bspa _cBPMSU _e |
||
| 100 | 1 | _aPauwels, Louis | |
| 240 | 1 | _aLa revolte des magiciens | |
| 245 | 1 | 3 |
_aLa rebelión de los brujos / _h _cLouis Pauwels, Jacques Bergier ; traducción J. Ferrer Aleu |
| 250 | _a6a. ed. | ||
| 260 |
_aBarcelona : _bPlaza & Janes, _c1973. |
||
| 300 |
_a281 p. : _c22 cm |
||
| 700 | 1 | 2 | _aBergier, Jacquez |
| 700 | 1 | 2 |
_aFerrer Aleu, J. _etrad. |
| 942 |
_2ddc _cBK |
||
| 945 | _aInventariado, 2018 / BT | ||
| 956 |
_aYLOCKWARD _b10 _dBPMSU _f00144 |
||
| 999 |
_c11205 _d11205 |
||